000 00420nam a22001577a 4500
005 20251108164258.0
008 250721s1981 xx 000 0 ara d
082 1 4 _a625.7/شري
100 1 _aالشريف، روحي
245 1 0 _aالبسيط في تصميم و إنشاء الطرق /
264 1 _aعمان :
_bالمؤلف،
_c1981.
300 _a
650 1 7 _aالطرق
942 _2ddc
_cBK
999 _c8212
_d8212